000 00255nam a2200097Ia 4500
008 120527s9999 xx 000 0 und d
100 _aLOVEJOY, P.E
245 _aCaravans of kola: the hausa kola Trade 1700-1900
260 _bAhmadu Bello Uni.
942 _cBK
999 _c25518
_d25518